书目信息 |
| 题名: |
钢结构工程施工
|
|
| 作者: | 靳晓勇 , 高润峰 主编 | |
| 分册: | ||
| 出版信息: | 北京 机械工业出版社 2014 |
|
| 页数: | 187页 | |
| 开本: | 26cm | |
| 丛书名: | ||
| 单 册: | ||
| 中图分类: | TU758.11 | |
| 科图分类: | ||
| 主题词: | 钢结构--工程施工 , 钢结构 | |
| 电子资源: | ||
| ISBN: | 978-7-111-45862-3 | |
| 000 | 00912nam0 2200253 450 | |
| 001 | 142194 | |
| 005 | 20141220121519.54 | |
| 010 | @a978-7-111-45862-3@dCNY 39.00 | |
| 100 | @a20140710d2014 em y0chiy50 ea | |
| 101 | 0 | @achi |
| 102 | @aCN@b110000 | |
| 105 | @aa z 000yy | |
| 200 | 1 | @a钢结构工程施工@9gang jie gou gong cheng shi gong@b专著@e专业技能入门与精通@f靳晓勇,高润峰主编 |
| 210 | @a北京@c机械工业出版社@d2014 | |
| 215 | @a187页@c图@d26cm | |
| 300 | @a从校园到职场 | |
| 330 | @a本书共分为十章,包括钢结构工程施工基础知识、钢结构工程施工管理、钢结构加工制作、焊接工程、坚固件连接工程、压型金属板工程、钢构件组装及预拼装、钢结构安装、钢网架结构安装、钢结构涂装工程。 | |
| 606 | 0 | @a钢结构@x工程施工 |
| 606 | 0 | @a钢结构 |
| 690 | @aTU758.11@v5 | |
| 701 | 0 | @a靳晓勇@9jin xiao yong@4主编 |
| 701 | 0 | @a高润峰@9gao run feng@4主编 |
| 801 | 0 | @aCN@bZL@c20141220 |
| 905 | @a241430@dTU758.11@eJ8591 | |
| 钢结构工程施工:专业技能入门与精通/靳晓勇,高润峰主编.-北京:机械工业出版社,2014 |
| 187页:图;26cm |
| 从校园到职场 |
| ISBN 978-7-111-45862-3:CNY 39.00 |
| 本书共分为十章,包括钢结构工程施工基础知识、钢结构工程施工管理、钢结构加工制作、焊接工程、坚固件连接工程、压型金属板工程、钢构件组装及预拼装、钢结构安装、钢网架结构安装、钢结构涂装工程。 |
| ● |
| 相关链接 |
|
|
|
正题名:钢结构工程施工
索取号:TU758.11/J8591
 
预约/预借
| 序号 | 登录号 | 条形码 | 馆藏地/架位号 | 状态 | 备注 |
| 1 | 1134199 | 211341993 | 建筑库201/201建筑库 73排2列2层/ [索取号:TU758.11/J8591] | 在馆 | |
| 2 | 1134200 | 211342000 | 建筑库201/201建筑库 73排2列2层/ [索取号:TU758.11/J8591] | 在馆 | |
| 3 | 1134201 | 211342019 | 建筑库201/201建筑库 73排2列2层/ [索取号:TU758.11/J8591] | 在馆 |